MotoGP Tracks By Outline - Statistics

General Stats
  • This quiz has been taken 220 times
    53 since last reset
  • The average score is 22 of 41
Answer Stats
Picture Answer % Correct
Silverstone
86%
Circuit Ricardo Tormo
81%
Autodromo Internazionale del Mugello
78%
Circuit Bugatti (Le Mans)
78%
Red Bull Ring
78%
Sachsenring
78%
Circuit Of The Americas
73%
Misano World Circuit Marco Simoncelli
73%
MotorLand Aragon
73%
Losail International Circuit
70%
Sepang International Circuit
70%
Twin Ring Motegi
70%
Autodromo Internacional do Algarve (Portimao)
68%
Phillip Island Grand Prix Circuit
68%
Circuito de Jerez
65%
TT Circuit Assen
65%
Chang International Circuit
62%
Suzuka Circuit
62%
Buddh International Circuit
59%
Circuito de Barcelona-Catalunya
59%
Indianapolis Motor Speedway
59%
Circuit de Spa-Francorchamps
54%
Autodromo Fernanda Pires da Silva (Estoril)
51%
Autodromo Nazionale Monza
51%
Balaton Park Circuit
51%
Donington Park Circuit
49%
Pertamina Mandalika International Circuit
46%
WeatherTech Raceway Laguna Seca
46%
Autodromo Internazionale Enzo e Dino Ferrari (Imola)
43%
Autodromo Jose Carlos Pace (Interlagos)
43%
Hungaroring
41%
International Autodromo Termas de Rio Hondo
41%
Shanghai Audi International Circuit
41%
Autodromo Internacional Ayrton Senna (Goiania)
27%
Istanbul Park Circuit
27%
Nurburgring GP-Strecke
27%
Circuit de Nevers Magny-Cours
22%
Sokol International Racetrack
19%
Kyalami Grand Prix Circuit
16%
Circuit Zolder
14%
Brno Circuit
11%
No matching quizzes found
Score Distribution
Percent of People with Each Score
Percentile by Number Answered
Your Score History
You have not taken this quiz since the last reset